Größte Städte Nordrhein-Westfalens - Extrem - Statistiken

Allgemein
  • Dieses Quiz wurde 629 mal gespielt
  • Das Durchschnittsergebnis liegt bei 105 aus 212
Antwortstatistiken
Einwohner Stadt % Korrekt
593.317 Dortmund
99%
629.047 Düsseldorf
99%
1.084.831 Köln
99%
502.211 Duisburg
98%
584.580 Essen
98%
263.000 Gelsenkirchen
98%
252.136 Aachen
96%
365.742 Bochum
96%
165.748 Leverkusen
96%
358.876 Wuppertal
96%
336.465 Bonn
95%
338.332 Bielefeld
94%
180.849 Hamm
94%
228.426 Krefeld
93%
268.465 Mönchengladbach
93%
320.946 Münster
93%
210.824 Oberhausen
92%
154.755 Paderborn
92%
112.712 Bergisch Gladbach
89%
189.783 Hagen
89%
157.368 Herne
89%
111.734 Recklinghausen
89%
102.560 Siegen
89%
160.643 Solingen
89%
154.139 Neuss
88%
118.113 Bottrop
87%
172.404 Mülheim
87%
112.613 Remscheid
84%
93.207 Düren
83%
102.393 Gütersloh
83%
105.287 Moers
83%
83.076 Minden
82%
92.540 Iserlohn
81%
60.892 Unna
80%
75.089 Detmold
77%
84.331 Marl
77%
73.795 Castrop-Rauxel
76%
95.897 Witten
75%
71.865 Lüdenscheid
73%
86.868 Lünen
73%
87.388 Ratingen
73%
71.930 Bocholt
72%
68.890 Lippstadt
72%
59.772 Euskirchen
71%
53.388 Kleve
70%
77.893 Rheine
70%
76.251 Troisdorf
70%
78.208 Viersen
70%
74.323 Arnsberg
69%
61.330 Wesel
69%
76.720 Dorsten
68%
75.889 Gladbeck
68%
48.607 Soest
68%
65.147 Dormagen
67%
38.207 Greven
67%
67.762 Dinslaken
66%
52.001 Gummersbach
66%
64.596 Grevenbroich
64%
67.459 Herford
64%
43.058 Kamen
64%
82.445 Velbert
64%
67.239 Kerpen
63%
42.049 Siegburg
63%
33.158 Jülich
62%
37.030 Coesfeld
61%
52.811 Frechen
61%
43.476 Heinsberg
61%
60.969 Hürth
61%
56.049 Eschweiler
60%
28.709 Höxter
60%
25.522 Verl
60%
21.582 Xanten
60%
53.348 Ahlen
58%
62.376 Bergheim
58%
43.489 Borken
58%
54.637 Hattingen
58%
52.485 Menden
58%
39.134 Mettmann
58%
55.815 Hilden
57%
49.263 Bergkamen
55%
40.594 Lemgo
55%
55.530 Pulheim
55%
49.486 Rheda-Wiedenbrück
55%
46.658 Schwerte
55%
37.616 Warendorf
55%
52.421 Ibbenbüren
54%
57.422 Meerbusch
53%
49.882 Erftstadt
52%
38.117 Haltern
52%
62.473 Herten
52%
59.783 Langenfeld
52%
25.015 Olpe
52%
35.102 Steinfurt⁠
52%
44.215 Erkelenz
51%
44.804 Brühl
50%
56.369 Sankt Augustin
50%
49.477 Bad Oeynhausen
49%
54.808 Bad Salzuflen
49%
30.652 Ennepetal
49%
36.374 Porta Westfalica⁠
49%
56.455 Stolberg
49%
25.511 Brilon
48%
48.002 Hennef
48%
35.191 Datteln
46%
47.468 Dülmen
46%
31.544 Emmerich
46%
49.824 Gronau
46%
44.253 Kaarst
45%
41.495 Königswinter
45%
31.045 Werl
45%
50.144 Willich
45%
43.050 Monheim
44%
26.061 Bad Honnef
43%
43.856 Erkrath
43%
38.598 Würselen
43%
35.270 Goch
42%
30.542 Haan
42%
38.665 Kamp-Lintfort
42%
31.838 Oer-Erkenschwick
42%
28.252 Geilenkirchen
41%
36.196 Voerde
41%
37.333 Beckum
40%
36.354 Emsdetten
40%
30.025 Meschede
40%
31.150 Rheinberg
40%
27.550 Wetter
40%
28.232 Kevelaer
39%
28.723 Schwelm
39%
40.245 Ahaus
38%
49.025 Bornheim
37%
34.298 Geldern
37%
31.097 Gevelsberg
37%
34.024 Hemer
37%
34.841 Kempen
37%
40.265 Löhne
37%
43.095 Nettetal
37%
29.680 Werne
37%
46.030 Bünde
36%
32.774 Delbrück
36%
34.739 Wermelskirchen
35%
46.941 Herzogenrath
34%
28.889 Rösrath
34%
38.192 Wesseling
34%
48.328 Alsdorf
33%
41.301 Hückelhoven⁠
33%
34.187 Korschenbroich
33%
26.027 Lübbecke
33%
29.644 Oelde
33%
27.405 Overath
33%
24.954 Plettenberg
33%
30.846 Lohmar
32%
26.681 Heiligenhaus
31%
26.163 Selm
31%
29.644 Waltrop
31%
25.352 Lennestadt
30%
27.102 Rheinbach
30%
27.741 Sundern
30%
35.423 Lage
29%
29.919 Rietberg
29%
21.970 Halle (Westf.)
28%
22.758 Herdecke
28%
31.197 Kreuztal
28%
28.048 Leichlingen
28%
24.838 Sprockhövel
28%
29.319 Tönisvorst
28%
23.940 Jüchen
27%
28.074 Wegberg
27%
21.025 Zülpich
27%
27.620 Baesweiler
26%
27.956 Neukirchen-Vluyn
26%
27.248 Hamminkeln
25%
28.567 Mechernich
25%
22.222 Radevormwald
25%
27.467 Schloß Holte-Stukenbrock
25%
20.812 Meinerzhagen
24%
39.281 Niederkassel
24%
25.222 Petershagen
24%
23.322 Warburg
24%
24.647 Warstein
24%
21.112 Wipperfürth
24%
21.483 Büren
23%
25.259 Lüdinghausen
23%
20.222 Telgte
23%
21.100 Wülfrath
23%
24.448 Attendorn
22%
25.999 Harsewinkel
22%
21.665 Lindlar⁠
22%
20.895 Senden⁠
22%
25.314 Wiehl
21%
20.548 Fröndenberg
20%
21.685 Geseke
20%
24.302 Bedburg
19%
23.363 Netphen
19%
21.475 Rees
19%
24.878 Schmallenberg
19%
23.161 Vreden
19%
20.230 Ochtrup
17%
25.311 Salzkotten
17%
22.274 Versmold
17%
22.980 Lengerich
16%
24.215 Übach-Palenberg
16%
23.904 Alfter⁠
15%
20.128 Kürten⁠
15%
20.109 Neunkirchen-Seelscheid⁠
15%
20.807 Stadtlohn
15%
20.705 Enger
14%
24.877 Meckenheim
14%
22.021 Elsdorf
13%
25.174 Espelkamp
11%
20.671 Steinhagen⁠
10%
20.581 Wachtberg⁠
10%
20.766 Hörstel
9%
Keine übereinstimmenden Quizze gefunden
Verteilung der Resultate
Anzahl Personen mit jedem Resultat
Perzentil nach korrekt beantworteten Fragen
Ihre Resultats-Entwicklung
Sie haben dieses Quiz noch nicht gespielt